[Event "6th EICC"]
[Site "Warsaw POL"]
[Date "2005.06.22"]
[Round "5"]
[White "Karjakin, Sergey"]
[Black "Radjabov, Teimour"]
[Result "1-0"]
[WhiteElo "2635"]
[BlackElo "2673"]
[Annotator "Rahal, M"]
[PlyCount "81"]
[EventDate "2005.06.18"]
[EventType "swiss"]
[EventRounds "11"]
[EventCountry "POL"]
[Source "EDAMI"]
[SourceDate "2006.12.20"]

{El joven fenómeno Sergey Karjakin se colocó en primera posición en la quinta
ronda con esta excelente victoria sobre otro joven estrella mundial, Teimour
Radjabov. Emulando la conocida partida Kasparov-Shirov, Karjakin sacrifica
posicionalmente la calidad una de las variantes de moda de la Pelikan,
obteniendo interesante compensación que convierte en victoria.} 1. e4 c5 2. Nf3
Nc6 3. d4 cxd4 4. Nxd4 Nf6 5. Nc3 e5 6. Ndb5 d6 7. Bg5 a6 8. Na3 b5 9. Nd5 (9.
Bxf6 gxf6 10. Nd5 {es la otra variante principal en la Pelikan, donde las
negras pueden elegir ahora entre 10...f5 y 10...Bg7.} {Pero desde luego no} Ne7
$4 11. Nxf6# {como por ejemplo en la partida Wolf,I - Kamrla,R (Willingen 2004)
}) 9... Be7 10. Bxf6 Bxf6 11. c3 Bg5 {Las negras apartan el alfil de f6 para
evitar cualquier cambio, y además controlan la importante diagonal c1-h6.
Otras alternativas habituales en esta posición son 11...Ne7, 11...Bb7 y
sobretodo 11...0-0. En ocasiones se puede llegar a posiciones con esta última
jugada por transposición, de hecho la variante 11...0-0 12.Nc2 Bg5 es de las
más populares de la Pelikan.} ({La partida "modelo" del tipo de sacrificio que
veremos en esta partida se jugó en 1994 entre Garry Kasparov y Alexei Shirov.
La variante no es la misma, pero las ideas del sacrificio son parecidas:} 11...
Bb7 12. Nc2 Nb8 13. a4 bxa4 14. Rxa4 Nd7 15. Rb4 Nc5 16. Rxb7 $1 Nxb7 17. b4 {
Control absoluto de d5, caballo malo en b7, peón débil en a6. Buenacompensación
por la calidad.} Bg5 18. Na3 O-O 19. Nc4 a5 20. Bd3 axb4 21. cxb4 Qb8 22. h4
Bh6 23. Ncb6 Ra2 24. O-O Rd2 25. Qf3 Qa7 26. Nd7 Nd8 27. Nxf8 Kxf8 28. b5 Qa3
29. Qf5 Ke8 30. Bc4 Rc2 31. Qxh7 Rxc4 32. Qg8+ Kd7 33. Nb6+ Ke7 34. Nxc4 Qc5
35. Ra1 Qd4 36. Ra3 Bc1 37. Ne3 {1-0 Kasparov,G - Shirov,A (Horgen 1994)}) 12.
Nc2 Ne7 {Las negras, con buen criterio, luchan por el control de la casilla d5.
} 13. h4 {No es la jugada más común pero Karjakin tiene una idea nueva que
emplear. Las opciones más habituales son 13.Nce3 (apoyando el caballo de d5) y
sobretodo 13.a4, intentando abrir una brecha en el flanco de dama.} ({
Por ejemplo:} 13. a4 bxa4 14. Nxe7 Qxe7 15. Rxa4 Bb7 16. Bd3 O-O 17. O-O {
con igualdad en Ivanovic,B - Shariyazdanov,A (Budapest 1999)}) 13... Bh6 14. a4
({Es interesante} 14. Nxe7 Qxe7 15. Nb4 Qb7 16. Qd5 Qxd5 17. Nxd5 Rb8 18. Be2
Bb7 19. Rd1 Rc8 20. Rh3 Rc5 21. Rhd3 {con ligera ventaja de las blancas en
Goloshchapov,A - Shariyazdanov,A (Swidnica rapid 1997)}) 14... bxa4 15. Ncb4 $5
$146 {Esta es la nueva aportación teórica de Karjakin, cuya idea es reforzar
el control de la casilla d5. El defecto evidente es que las negras pueden
defender el peón de a4 con su alfil.} ({
La partida de referencia en esta línea continuó} 15. Rxa4 Nxd5 16. exd5 O-O 17.
Nb4 a5 18. Nc6 Qc7 19. g4 Bf4 $1 {con idea de Bb7xc6 con igualdad en la
partida Rjabzev,K - Starikov,P (Toliatti 2000)}) 15... Bd7 16. Rxa4 $5 {
#Y aquí tenemos el sacrificio de calidad que mencionábamos. La idea es muy
interesante, ya que las negras perderán el derecho al enroque, y se quedarán
con un peón débil en a6 además del alfil fuera de juego en h6. Si las blancas
consiguen eliminar el peón de a6 el peón pasado de b2 puede ser ganador. El
caballo fuerte en d5 es otro factor determinante.} Nxd5 17. Nxd5 Bxa4 18. Qxa4+
Kf8 (18... Qd7 $2 19. Bb5 $1 Qxb5 (19... axb5 20. Qxa8+ Qd8 21. Qxd8+ (21. Qc6+
Qd7 22. Nc7+ Kd8 23. Qxd7+ Kxd7 24. Nxb5 $14) 21... Kxd8 22. Ke2 Kd7 23. Ra1
$16)) 19. b4 $1 (19. Bxa6 Qc8 20. Nb4 Qg4 {
ofrece demasiado contrajuego a las negras}) 19... a5 {Radjabov intenta
desembarazarse de su peón débil, pero ahora el peón pasado en b5 combinado con
el caballo de d5 es muy poderoso.} 20. b5 Rb8 21. g3 g6 22. Bh3 Kg7 23. O-O {
Con sus últimas jugadas Karjakin pone en juego el alfil y la torre, y además
mantiene a raya con 21.g3 el alfil de h6.} Rf8 {Preparando la ruptura f7-f5,
casi la única forma de contrajuego que tiene el negro.} 24. Ra1 $1 Kh8 25. Qxa5
Qe8 ({Hay que mantener las damas en el tablero en vista de la variante} 25...
Qxa5 26. Rxa5 Ra8 27. Rxa8 Rxa8 28. b6 Kg7 29. b7 Rb8 30. Bc8 $1 $18 {
# Diagrama de Análisis}) 26. c4 f5 {Finalmente las negras han creado un cierto
contrajuego, pero simpemente el caballo en d5 es más fuerte que la torre en f8.
} 27. Qc7 $1 {Con idea de Ra7 ganando.} Qf7 28. exf5 $1 {
Manteniendo la columna-f cerrada.} (28. Qxd6 $6 fxe4 29. Ra2 Ra8 $1 {
con contrajuego para las negras.}) 28... Qxc7 (28... gxf5 29. Qxd6 $16) 29.
Nxc7 gxf5 30. Ra6 $1 {Ahora el peón d6 requiere protección. Es admirable como
Karkajin utiliza activa al máximo todas sus piezas antes de avanzar el peón-b
a la coronación.} Rf7 31. Nd5 Bf8 32. Rc6 $1 f4 $6 {Esta jugada precipita la
derrota al permitir la entrada del alfil blanco, pero la posición de las
negras ya era muy dificil y en todo caso las blancas podían provocar este
avance con Ne3.} 33. Be6 Rg7 34. g4 $1 Re8 35. Bf5 (35. Bc8 $1 {
también ganaba, con la idea b6-b7.}) 35... Be7 36. h5 Bg5 37. b6 $18 {
Las negras no pueden evitar el avance del peón, con lo que la estrategia
blanca ha triunfado.} e4 38. Rc8 $1 {Karjakin cambia la única pieza activa de
las negras, quitando el veneno de la idea e4-e3.} Rxc8 ({En caso de} 38... Rd8
{decide la elegante} 39. Ne7 $1) 39. Bxc8 e3 40. fxe3 fxe3 41. b7 {
Una gran partida de Karjakin.} 1-0

[Event "6th ch-EURw Playoffs Champion"]
[Site "Chisinau MDA"]
[Date "2005.06.24"]
[Round "2"]
[White "Lahno, Kateryna"]
[Black "Kosintseva, Nadezhda"]
[Result "1-0"]
[WhiteElo "2467"]
[BlackElo "2459"]
[Annotator "Ubilava, E"]
[PlyCount "73"]
[EventDate "2005.06.24"]
[Source "EDAMI"]
[SourceDate "2006.12.20"]

{Este encuentro fue muy importante para la joven ukraniana porque era la
segunda y decisiva partida del playoff para el titulo europeo entre dos
jugadoras. La suerte del combate se decidio en el mediojuego, cuando las
negras en la jugada veinteseis decidieron sacrificar el peon. Lahno acepto el
sacrificio y refuto rapidamente la dudosa accion de su rival.} 1. e4 c5 2. Nf3
Nc6 3. d4 cxd4 4. Nxd4 Nf6 5. Nc3 d6 6. Bg5 e6 7. Qd2 a6 8. O-O-O Bd7 9. f4 Be7
10. Nf3 b5 11. Bxf6 gxf6 12. Kb1 {Esa posicion es una de las tabias de la
teoria con los recursos bien conocidos para ambos bandos. Las blancas tienen
diferentes planes para atacar el peon e6 e intentar debilitar la casilla d5.
Por su parte, las negras tienen sus propios recursos para mantener el "Status
quo" de la posicion y golpear en el centro en el momento adecuadao. Aun asi,
me parece que el trato que deben demostrar las negras de esa posicion, es
mucho mas sofisticada que la tarea de las blancas. Esa peligrosidad de la
posicion proviene de la estructura de peones muy comprometidas para el bando
negro, mientras la estructura de peones de las blancas es mas solida.} Qb6 13.
f5 O-O-O 14. fxe6 {La jugada} (14. g3 {es mas usual}) 14... fxe6 15. g3 Kb8 16.
Bh3 Bc8 17. Ne2 ({En caso de} 17. Qe1 {
puede surgir una posicion muy aguda despues de} h5 18. Ne2 Ne5 19. Rf1 Ng4 20.
Nf4 d5 $5 21. exd5 e5 {I.Nataf-A.Popvic Oesterreich 2001}) 17... d5 ({
En la variante} 17... Rhe8 18. Nf4 Bf8 19. Nh5 d5 20. Nxf6 (20. Qe2 dxe4 21.
Qxe4 Rxd1+ 22. Rxd1 Rd8 23. Re1 f5 {con las posibilidades reciprocas}) 20...
dxe4 21. Qf4+ e5 22. Qxe4 Bxh3 23. Nxe8 Rxe8 24. Qxh7 Bg2 25. Rhe1 Rd8 26. Qf5
{las blancas tienen mejores perspectivas.}) 18. exd5 Rxd5 19. Qc1 Rhd8 20. Nf4
Rxd1 21. Rxd1 f5 22. Rxd8 {
Las blancas simplifican la posicion, porque no es satisfactorio} (22. Re1 Rd6
23. Nd3 Bf6 24. Bg2 Qd8 {y si} 25. Qf4 {Kosinceva tiene replica} e5 {
por la debilidad de la primera fila.}) 22... Qxd8 23. Nd3 Bf6 24. Qe1 Qd6 25.
g4 Qd5 $6 {
Probablemente esa jugada es el resultado de un mal calculo, habia que jugar} (
25... Nd4 26. Nxd4 (26. Nfe5 Bb7 {favorece a las negras}) 26... Bxd4 27. gxf5
exf5 28. Qe2 {con igualdad}) 26. Qg3+ e5 $2 {
es un error claro, la mejor jugada es} (26... Ka7 27. Bg2 (27. gxf5 exf5 28.
Bg2 Qd7 ({otra vez no funcciona} 28... Nb4 {por} 29. Qf2+ Kb8 30. Qb6+ Bb7 31.
Qxf6 Nxd3 32. Ne1 $3 {Fritzi} Qd7 33. cxd3 Bxg2 34. Qe5+ Kb7 35. Nxg2 Qxd3+ 36.
Kc1 Qc4+ 37. Kd2 {con ventaja decisiva}) 29. Nd2 Bb7 30. Nb3 {
con ventaja blanca}) 27... Nb4 28. Qc7+ Bb7 29. Nd4 Qxg2 30. Qc5+ Kb8 31. Qd6+
Ka8 32. Qf8+) 27. gxf5 Bb7 28. Bg2 Nb4 $2 {diagrama. Supongo que toda la
esperanza de las negras estaba depositado en este salto, pero eso solo acelera
la derrota de la jugadora rusa, habia que retroceder} (28... Qd7 {
que tampoco deja muchas ilusiones a las negras.}) 29. Nfxe5 $1 Qxa2+ 30. Kc1
Bxg2 ({quizas es un poquito mejor} 30... Nxd3+ 31. Nxd3+ Kc8 32. Bxb7+ Kxb7 33.
Qf3+ Kc7 34. c3 {con gran ventaja para Lahno}) 31. Nc6+ {
ahora la partida obtiene caracter forzado} Kc8 32. Ncxb4 Qa1+ 33. Kd2 Qf1 34.
Qg8+ Bd8 35. Qe6+ Kb7 36. Nc5+ Kc7 37. Nbxa6# {diagrama} 1-0

[Event "Dortmund "]
[Site "?"]
[Date "2005.07.09"]
[Round "2"]
[White "Sutovsky, Emil"]
[Black "Kramnik, Vladimir"]
[Result "1-0"]
[WhiteElo "2674"]
[BlackElo "2744"]
[Annotator "Ubilava, E"]
[PlyCount "101"]
[EventDate "2005.07.07"]
[EventType "tourn"]
[EventRounds "9"]
[EventCountry "GER"]
[EventCategory "19"]
[Source "EDAMI"]
[SourceDate "2006.12.20"]

{La idea de Kramnik, jugar defensa Berlin contra E.Sutovsky, fue buena, porque
al gran maestro israeli le gustan posiciones complejas a veces sus decisiones
parecen tremendamente arriesgadas y supongo que por esos motivos, Kramnik
queria tomar medidas preventivas para calmar los animos de su rival. Sin
embargo, esa tactica no solo no tuvo ningun efecto sino funcciono como el
bumerang, porque Sutovsky pudo transformar la apertura en otra estructura
mucho mas compleja de lo que esperaba su rival. La reaccion de Kramnik despues
de 10.Be3 parece bastante violenta pero hay que tener en cuenta que las
blancas amenazaban jugar 11.Nd2 y 12.f3 reduciendo la actividad de las piezas
negras hasta el minimo. Las blancas consiguen ventaja en la apertura y despues
de 19. Ne6! empiezan un ataque muy fuerte contra el rey negro, quien intento
buscar el refugio en la casilla h7 pero ya era demasiado tarde, porque la
salvacion de la monarca costo demasiado caro.} 1. e4 e5 2. Nf3 Nc6 3. Bb5 Nf6
4. d3 {Parece una jugada muy humilde, pero en realidad es un plan muy
sofisticado que cambia copletamente la direccion de la partida.} d6 5. O-O g6
6. d4 Bd7 {Muy pocos jugadores se atreven entrar en lla posicion despues de} (
6... exd4 7. e5 dxe5 8. Nxe5 {
y realmente la posicion de las negras es mas que dudosa.}) 7. Re1 Bg7 8. d5 Ne7
9. Bxd7+ Nxd7 10. Be3 $1 {Sutovsky muestra una novedad muy desagradable para
las negras, las blancas amenazan jugar 11.Nd2 y 12.f3 despues de cual podrian
avanzar sus peones del flanco de dama creando superioridad con recursos bien
conocidos, mientra el contrajuego de las negras en el flanco del rey casi no
tendria ningun efecto por la pasividad de las piezas menores de las negras.
Anteriormente las blancas solo emplearon el plan que enseno A.Morozevich 
diagrama} (10. a4 O-O 11. a5 a6 12. c4 h6 13. Ra3 f5 14. b4 Nf6 15. Nbd2 Qd7
16. Qc2 g5 {
con posibilidades para ambos bandos, A.Morozevich-K.Georgiev 36th Olimpiad 2004
}) 10... f5 $2 {es comprensible la reaccion de Kramnik por la amenaza
posicional de 11Nd2, pero con el avance de 10... f5 las negras cometen el
error estrategico.} 11. Ng5 Nf8 12. exf5 gxf5 ({no creo que despues de} 12...
Nxf5 13. Qd3 Qd7 14. Nc3 {las negras mejoran su posicion.}) 13. f4 Qd7 ({
en caso de} 13... exf4 14. Bd4 Rg8 {
las blancas tienen dos opciones, la correcta} 15. Nf3 ({otra opcion es} 15. Ne6
{pero las negras tienen buenos recursoso} Nxe6 16. dxe6 Bxd4+ 17. Qxd4 Ng6 18.
Nd2 Nh4 19. e7 Qd7 20. Re2 Qc6 {y llegan antes a rematar su enemigo}) 15... Qd7
16. Nc3 O-O-O 17. Bxg7 Rxg7 18. Qd4 {y las blancas gannan}) 14. c4 Neg6 15. Nc3
h6 16. Nf3 e4 17. Nd4 h5 ({las negras no pueden hacer enroque largo porque los
caballoos blancosdestrozan su posicion:} 17... O-O-O 18. Ncb5 a6 19. Na7+ Kb8
20. Nac6+) 18. Ncb5 Kf7 {diagrama.} 19. Ne6 $1 {E.Sutovsky siente muuy bien la
iniciativa y es un jugador tremendamente peligroso cuando tiene opciones de
ataque.} Nxe6 20. dxe6+ Kxe6 21. Qd5+ Ke7 {diagrama} 22. c5 $1 {
eso es! La iniciativa vale mas en esa posicion que materia!} c6 23. cxd6+ Kf8
24. Qb3 cxb5 25. Rac1 {mientras las piezas negras estan desconcertadas, las
blancas reagrupan sus torres en las columnas abiertas para el golpe definitivo.
} Qf7 ({no hay salvacion} 25... Qxd6 26. Red1 Qf6 27. Rc7 {no deja dudas.}) 26.
Qxb5 a6 27. Qb6 Kg8 28. Red1 Kh7 {Parece que el rey nnegro llego a un lugar
seguro, pero las blancas ya tienen preparado todo para el ataque definitivo:}
29. Rc7 Qf8 30. Bd4 Rg8 31. Qxb7 {Este ataque brutal de la septima fila obliga
a las negras buscar recursos desesperados} e3 ({pierde} 31... Nxf4 {por} 32.
Rf7) 32. Rf7 Rb8 33. Qd7 Rd8 34. Qxf5 {amenaza 35.Qh5 mate!} Qxf7 35. Qxf7 Rxd6
36. Kf1 Nxf4 {la ultima esperanza de Kramnik.} 37. Qf5+ Rg6 38. Qxf4 $1 {
Las blancas convierten la posicion en un final tecnicamente ganado facil.} Rf8
39. Qxf8 Bxf8 40. Bxe3 Re6 {Las negras siguen con la inercia de juego, pero
poco se puede cambiar en esa posicion.} 41. Kf2 Kg6 42. Rd5 Be7 43. Bc5 Bf6 44.
b3 Be5 45. g3 h4 46. gxh4 Bxh2 47. h5+ Kh7 48. Kf3 Be5 49. Rd7+ Kh6 50. Kg4 Bg7
51. Rd6 1-0

[Event "Dortmund "]
[Site "?"]
[Date "2005.07.09"]
[Round "2"]
[White "Topalov, Veselin"]
[Black "Naiditsch, Arkadij"]
[Result "1-0"]
[WhiteElo "2788"]
[BlackElo "2612"]
[Annotator "Ubilava, E"]
[PlyCount "53"]
[EventDate "2005.07.07"]
[EventType "tourn"]
[EventRounds "9"]
[EventCountry "GER"]
[EventCategory "19"]
[Source "EDAMI"]
[SourceDate "2006.12.20"]

{ES una partida corta pero bonita. La moraleja de este encuentro subraya una
vez mas la importancia de los conocimientos teoricos y el ensayo de la fuerza
en el medio juego. El jugador aleman, quiza por error, metcla dos planes que
utilizan las negras en la posicion, pero su rival encuentra un buen remedio
para dejar los efectivos de su adversario sin desarrollo, mientras las negras
intentan sacar su caballo el gran maestro Bulgaro golpea su rival de manera
decisiva con un remate espectacular.} 1. Nf3 Nf6 2. c4 e6 3. Nc3 d5 4. d4 dxc4
5. e4 Bb4 6. Bg5 c5 7. e5 cxd4 8. Nxd4 Bxc3+ 9. bxc3 Qa5 10. exf6 Qxg5 11. fxg7
Qxg7 ({el intento de} 11... Rg8 {otorga la iniciativa a las blancas despues de}
12. h4) 12. Qd2 {Esa jugada entro en la practica despues de la partida L.
Portish-R-Hubner World cup Skeleftea 1989, la alternativa es} (12. Qf3) 12...
O-O 13. Bxc4 a6 {El plan que empieza con} (13... Rd8 {
parece mucho mas seguro para las negras, por ejemplo:} 14. Qe3 Bd7 15. O-O Nc6
16. Nf3 Ne7 17. Ne5 Ng6 18. f4 Rac8 19. Be2 Nxe5 20. fxe5 Bc6 21. Bf3 Kh8 {
con aparente igualdad, A.Dreev-V.Kosyrev Rusian Blitz internet cup 2004}) 14.
O-O Rd8 $6 {Tengo algunas dudas sobre las dos ultimas jugadas de Naiditsch,
quiza el jugador aleman simplemente ha olvidado el orden preciso de la
variante y metcla dos planes por error, en la practica curiosamente tenemos el
unico ejemplo de esa secuencia, donde las negras siguieron} (14... b5 15. Bb3
b4 $1 {con una posicion sostenible Z.Ribli-P.Acs HUN cht 2001}) 15. Qf4 $1 {
Las blancas encuentran rapidamente el plan que pone bajo sospecha todo el
concepto de su adversario.} b5 {diagrama} ({en caso de} 15... e5 16. Bxf7+ ({
tambien me parece bastante bueno para las blancas el plan} 16. Qh4 Rf8 17. Nc2
Nc6 18. Ne3) 16... Kh8 17. Qh4 Rf8 18. Ne6 Qxf7 19. Nxf8 Qxf8 20. f4 Be6 21. f5
Bg8 22. Rad1 Nc6 23. Rd7 {con bastantes opciones para las blancas.}) 16. Qc7 $1
{esa fuerte intervencion obliga a Naiditsch poner sus piezas en las casillas
incomodas, mientras el jugador bulgaro termina la movilizasion de sus torres.}
Qf8 17. Bd3 Rd7 ({no es dificil de entender que pierde} 17... Qd6 {por} 18.
Bxh7+ Kxh7 19. Qxf7+ Kh6 20. Nf3 Rd7 21. Qf6+ Kh7 22. Ng5+ Kg8 23. Rad1 $1 Qxd1
24. Qg6+ Kf8 25. Nh7+ Rxh7 (25... Ke7 26. Qf6+) 26. Rxd1 {con ventaja decisiva}
) 18. Qf4 Bb7 19. Rae1 Qg7 20. Be4 $1 Kh8 ({por supuesto no funcciona} 20... e5
{por} 21. Bxb7 exf4 22. Re8+) 21. Re3 Bxe4 22. Qxe4 Rd5 {diagrama} ({
Fritzi intenta defenderse por medio de} 22... Rda7 {
pero finalmente reconoce la superioridad de las blancas:} 23. Rg3 Qf6 24. Nf3
Nd7 25. Ng5 Qg6 26. Qd4+ e5 27. Qd5 Nf6 28. Qxe5 {y la blancas deben ganar})
23. Nxe6 $1 {ha llegado la hora de la verdad! Las negras han quedado
tremendamente retrasados en el desarrollo de su flanco de dama, el castigo es
inminente!} fxe6 24. Qxe6 Rd7 25. Rg3 Qf8 26. Re1 Raa7 ({tampoco salva} 26...
Rg7 27. Rxg7 ({como en la partida aqui tambien funcciona la jugada} 27. Qf6 $1
Nd7 28. Qxg7+ Qxg7 29. Rxg7 Kxg7 30. Re7+ Kg6 31. Rxd7 Rc8 32. Rd6+ {
con gran ventaja})) 27. Qf6+ $1 {un remate final bonito!} 1-0